Business ethics (Бичлэгийн дугаар. 146102)
| 000 -УДИРДЛАГА | |
|---|---|
| Удирдлага | 00672 a2200253 4500 |
| 003 - ХЯНАЛТЫН ТОО ТОДОРХОЙЛОГЧ | |
| Код | MN-UlNUM |
| 005 - БИЧИЛТ ХИЙСЭН ОГНОО | |
| Тухайн бичилтийг бичсэн засварласан сүүлийн огноо | 20260106184931.0 |
| 008 - ЕРӨНХИЙ МЭДЭЭЛЭЛ | |
| Ерөнхий мэдээлэл | 110605s2008 ctu 000 | eng d |
| 020 ## - ISBN | |
| ISBN | 9780073528458 |
| -- | 0073528455 |
| 040 ## - БИЧЛЭГ ҮҮСГЭГЧ БАЙГУУЛЛАГА | |
| Бичлэг үүсгэгч номын сангийн код | МУИС-ийн номын сан |
| 084 ## - ББК АНГИЛАЛ | |
| ББК ангилал | 65.290-2 |
| Зохиогчийн гурван тэмдэгт | B 97 |
| Нэмэлт тусгалт | Гарын авлага |
| Мэдлэгийн ялгаа | 65 - Эдийн засаг |
| 245 10 - ҮНДСЭН ГАРЧИГ | |
| Номын нэр | Business ethics |
| Бага гарчгийн мэдээ | Annual editions: 07/08 |
| Оролцогчдын тухай мэдээ | Editor John E. Richardson |
| 250 ## - ДАХИН ХЭВЛЭЛТ | |
| Дахин гаралтын дугаар | 19th ed. |
| 260 ## - ГАРАЛТЫН МЭДЭЭ | |
| Хэвлэгдсэн газар | Guilford |
| Хэвлэлийн газар | McGraw Hill |
| Хэвлэгдсэн он | 2008 |
| 300 ## - МАТЕРИАЛЫН ТОДОРХОЙЛОЛТ | |
| хуудасны тоо | 207 p. |
| 500 ## - Тайлбар | |
| Дансны дугаар | БС 6054 |
| 546 ## - ХЭЛНИЙ ТУХАЙ МЭДЭЭ | |
| Хэл | Англи хэл дээр, |
| 653 ## - Түлхүүр үг | |
| Түлхүүр үг | business ethics |
| 653 ## - Түлхүүр үг | |
| Түлхүүр үг | ethical issue |
| 653 ## - Түлхүүр үг | |
| Түлхүүр үг | social responsibility |
| 653 ## - Түлхүүр үг | |
| Түлхүүр үг | periodicals |
| 942 ## - ЭЛЕМЕНТИЙН ТӨРӨЛ | |
| Зүйлийн төрөл | Ном |
